What are the 10 wealthiest states in America? - Statistics

General Stats
  • This quiz has been taken 13 times
  • The average score is 7 of 10
Answer Stats
Hint Answer % Correct
5 California
83%
6 Washington
83%
2 Maryland
75%
3 Massachusetts
75%
10 Connecticut
67%
8 Colorado
58%
4 Hawaii
58%
7 New Hampshire
58%
1 New Jersey
58%
9 Utah
58%
No matching quizzes found
Score Distribution
Percent of People with Each Score
Percentile by Number Answered
Your Score History
You have not taken this quiz